00483cam a22001572 4500001001100000005001700011008004100028020002800069040001500097050001600112100002800128245005100156260004600207300001600253650005600269000000108220151217151805.0070226s xx 000 0 eng d a0715140353 :cKES 3,500 aKABUcKABU 0aBV676b.J661 aJones, Ian.@000014960010aWomen and priesthood in the church of England. aLondon :bChurch House Publishing,c2004. axiv, 255 p. 0aOrdination of womenxChurch of England.@0000149601